Návrh IS cestovnej kancelárie : Bakalárska práca

Enregistré dans:
Détails bibliographiques
Auteur principal: Muška, Martin (Auteur)
Autres auteurs: Tanuška, Pavol, 1966- (xxx)
Format: Manuscrit Livre
Langue:slovaque
Publié: Trnava : STU v Bratislave MTF UIAM, 2007
Tags: Ajouter un tag
Pas de tags, Soyez le premier à ajouter un tag!

MARC

LEADER 00000ntm a22000003a 4500
001 stu152868
005 20160719155730.9
008 071129s2007----xo------------------slo-d
040 |a STU  |b slo 
041 0 |a slo 
044 |a xo 
100 1 |a Muška, Martin  |4 aut 
245 1 |a Návrh IS cestovnej kancelárie :  |b Bakalárska práca 
260 |a Trnava :  |b STU v Bratislave MTF UIAM,  |c 2007 
300 |a 54 s  |c 1 CD-ROM 
500 |a Program: Aplikovaná informatika a automatizácia v priemysle 
700 1 |a Tanuška, Pavol,  |d 1966-  |4 xxx  |u M6000  |U MTF Materiálovotechnologická fakulta  |T MTF Ústav aplikovanej informatiky, automatizácie a matematiky  |X 248  |U M6000  |Y 86  |7 A000000248 
996 |b 284M066938  |c M*BP-3056  |l MMSKP  |s P  |a 0  |w stu152868_0001